书目信息 |
| 题名: |
城市生活垃圾清洁直运
|
|
| 作者: | 张剑锋 主编 | |
| 分册: | ||
| 出版信息: | 杭州 浙江工商大学出版社 2021.04 |
|
| 页数: | 194页 | |
| 开本: | 24cm | |
| 丛书名: | ||
| 单 册: | ||
| 中图分类: | X799.305 | |
| 科图分类: | ||
| 主题词: | 城市--cheng shi--垃圾处理 | |
| 电子资源: | ||
| ISBN: | 978-7-5178-4416-7 | |
| 000 | 01059nam0 2200241 450 | |
| 001 | 202021193942 | |
| 005 | 20211025120142.0 | |
| 010 | @a978-7-5178-4416-7@dCNY49.00 | |
| 100 | @a20211002d2021 em y0chiy50 ea | |
| 101 | 0 | @achi |
| 102 | @aCN@b330000 | |
| 105 | @aa z 000yy | |
| 106 | @ar | |
| 200 | 1 | @a城市生活垃圾清洁直运@Acheng shi sheng huo la ji qing jie zhi yun@f张剑锋主编 |
| 210 | @a杭州@c浙江工商大学出版社@d2021.04 | |
| 215 | @a194页@c图@d24cm | |
| 314 | @a张剑锋, 建筑工程领域高级工程师, 现任杭州市环境集团有限公司党委书记、董事长。 | |
| 330 | @a本书围绕生活垃圾清洁直运这一重点, 以垃圾分类与清洁直运的杭州模式为例, 详细阐述了生活垃圾的分类、收集、运输、信息系统建立等生活垃圾处理的基本知识, 并且系统地对清洁直运的概念、标准以及其信息系统和运行过程中问题分析及处理等方面展开描述, 同时介绍了相关法律法规, 并对比了各国城市生活垃圾清洁直运的现状以供借鉴。 | |
| 606 | 0 | @a城市@Acheng shi@x垃圾处理 |
| 690 | @aX799.305@v5 | |
| 701 | 0 | @a张剑锋@Azhang jian feng@4主编 |
| 801 | 0 | @aCN@c20210909 |
| 905 | @a河南城建学院图书馆@dX799.305@eZ121 | |
| 城市生活垃圾清洁直运/张剑锋主编.-杭州:浙江工商大学出版社,2021.04 |
| 194页:图;24cm |
| ISBN 978-7-5178-4416-7:CNY49.00 |
| 本书围绕生活垃圾清洁直运这一重点, 以垃圾分类与清洁直运的杭州模式为例, 详细阐述了生活垃圾的分类、收集、运输、信息系统建立等生活垃圾处理的基本知识, 并且系统地对清洁直运的概念、标准以及其信息系统和运行过程中问题分析及处理等方面展开描述, 同时介绍了相关法律法规, 并对比了各国城市生活垃圾清洁直运的现状以供借鉴。 |
| ● |
| 相关链接 |
|
|
|
正题名:城市生活垃圾清洁直运
索取号:X799.305/Z121
 
预约/预借
| 序号 | 登录号 | 条形码 | 馆藏地/架位号 | 状态 | 备注 |
| 1 | 1543166 | 215431664 | 自科库501/501自科库 112排1列1层/ [索取号:X799.305/Z121] | 在馆 |